=LDR 00000nam 2200000 4500 =001 INLIS000000000027614 =005 20130612125956 =008 ***********************************ind** =035 ##$$a0010-061300000027614 =041 ##$$a ind =082 ##$$a 530.07 =090 ##$$a 530.07, PUR s =100 ##$$a Purwanto, Budi =245 ##$$a Sains Fisika 3, Konsep dan Penerapannya, Budi Purwanto =260 ##$$a Tiga Serangkai Pustaka $b Solo =300 ##$$a 308 hlm, ilus, 28 cm =650 ##$$a Sains Fisika =850 ##$$a NBPNMAT =990 ##$$a 21400613/BPAP-NTB/20142014